MY LIFE WITH CHRIST

Na minha lista:
Detalhes bibliográficos
Autor principal: Paone, Anthony J. (autor)
Formato: Livro
Tags: Adicionar Tag
Sem tags, seja o primeiro a adicionar uma tag!

MARC

LEADER 00000nam^a2200000^a^4500
001 000208578
005 20250521000000.0
009 20260310103256.011
035 |a 033733 
037 |a Acervo Xavier Clavigero 
082 |a 257.  |b PAO 
100 |a Paone, Anthony J.  |e (autor) 
245 1 0 |a MY LIFE WITH CHRIST 
264 |a NEW YORK :  |b IMAGE BOOKS,  |c 1962 
300 |a 317p. 
336 |a texto  |b txt  |2 rdacontenido 
337 |a sin mediación  |b n  |2 rdamedio 
338 |a volumen  |b nc  |2 rdasoporte 
649 |a XX 
910 |a Fondo General 
920 |a Impresos - Libros 
930 |a Colección General 
905 |a 101 
901 |a 033733  |b IT1  |c ACC  |u 20250521 
902 |a https://opac.biblio.iteso.mx/vufind/Record/000208578